[Event "Kragero op"]
[Site "Kragero"]
[Date "2024.02.23"]
[Round "5"]
[White "Horvath, Dominik"]
[Black "Kaasen, Tor Fredrik"]
[Result "1/2-1/2"]
[WhiteElo "2555"]
[BlackElo "2437"]
[PlyCount "82"]
[EventDate "2024.02.21"]
[EventType "swiss"]
[EventRounds "9"]
[EventCountry "NOR"]
[SourceTitle "CB09_2024"]
[SourceDate "2024.02.28"]
[SourceVersion "1"]
[SourceVersionDate "2024.02.28"]
[SourceQuality "1"]

1. e4 c5 2. Nf3 d6 3. d4 cxd4 4. Nxd4 Nf6 5. Nc3 a6 6. f4 e5 7. Nb3 Be7 8. fxe5 dxe5 9. Qxd8+ Bxd8 10. Be3 Nbd7 11. Be2 b5 12. a4 b4 13. Nd5 Rb8 14. Nd2 0-0 15. 0-0-0 Nxd5 16. exd5 Bb6 17. Bxb6 Nxb6 18. d6 a5 19. Nb3 Bd7 20. Nc5 Bc6 21. Bf3 Nxa4 22. Bxc6 Nxc5 23. d7 Ne6 24. Ba4 Nc5 25. Bc6 Ne6 26. Rd5 f6 27. Rf1 Nf4 28. Rxa5 Kf7 29. Re1 Rb6 30. Ba4 Ke7 31. Re4 Nxg2 32. Rg4 Ne3 33. Rxg7+ Ke6 34. Bb3+ Kf5 35. Kd2 Kf4 36. Rc5 Rd8 37. Ba4 Rd6+ 38. Ke2 Ra8 39. Bc6 Rd8 40. Ba4 Ra8 41. b3 Nf5 1/2-1/2

[Event "BCF-chT 2324 (4NCL)"]
[Site "England"]
[Date "2024.02.11"]
[Round "6.3"]
[White "Turner, Matthew"]
[Black "Horvath, Dominik"]
[Result "1-0"]
[WhiteElo "2447"]
[BlackElo "2555"]
[PlyCount "59"]
[EventDate "2023.11.11"]
[EventType "team-tourn"]
[EventRounds "11"]
[EventCountry "ENG"]
[SourceTitle "CB11_2024"]
[SourceDate "2024.03.13"]
[SourceVersion "1"]
[SourceVersionDate "2024.03.13"]
[SourceQuality "1"]
[WhiteTeam "Wood Green"]
[BlackTeam "Cheddleton"]
[WhiteTeamCountry "ENG"]
[BlackTeamCountry "ENG"]

1. d4 Nf6 2. Nc3 d5 3. Bf4 g6 4. e3 Nh5 5. Bg5 f6 6. Bh4 c6 7. Bd3 Qb6 8. Na4 Qa5+ 9. c3 Nd7 10. b4 Qc7 11. Ne2 e5 12. e4 f5 13. exf5 e4 14. Bc2 gxf5 15. Ng3 Nf4 16. 0-0 Rg8 17. f3 Nb6 18. Nxb6 axb6 19. Kh1 Rg6 20. fxe4 fxe4 21. Nxe4 dxe4 22. Bxe4 Rg4 23. Qe1 Be6 24. Bf5 Rxh4 25. Qxh4 Bxf5 26. Rxf4 Bg6 27. Re1+ Be7 28. Qf6 Kd8 29. Qh8+ Be8 30. Rfe4 1-0

[Event "Sitges Sunway op 10th"]
[Site "Sitges"]
[Date "2023.12.22"]
[Round "10"]
[White "Fiorito, Francisco"]
[Black "Horvath, Dominik"]
[Result "0-1"]
[WhiteElo "2370"]
[BlackElo "2564"]
[PlyCount "96"]
[EventDate "2023.12.12"]
[EventType "swiss"]
[EventRounds "10"]
[EventCountry "ESP"]
[SourceTitle "CB52_2023"]
[SourceDate "2023.12.27"]
[SourceVersion "1"]
[SourceVersionDate "2023.12.27"]
[SourceQuality "1"]

1. e4 c5 2. Nf3 Nc6 3. Bb5 Nf6 4. Nc3 d6 5. e5 Nd7 6. exd6 e5 7. Bxc6 bxc6 8. 0-0 Bxd6 9. d3 0-0 10. Nd2 f5 11. Nc4 Bc7 12. b3 Qh4 13. h3 Nf6 14. f4 Nd5 15. Bd2 Nxf4 16. Qf3 e4 17. Qf2 Nxh3+ 18. gxh3 Bg3 19. Qg2 f4 20. Nxe4 Bxh3 21. Qf3 Rae8 22. Be1 Bxf1 23. Kxf1 Re6 24. Bf2 Bxf2 25. Qxf2 Qh1+ 26. Qg1 Qh3+ 27. Qg2 Qh5 28. Kf2 Qh4+ 29. Kf3 Rg6 30. Rh1 Rg3+ 31. Nxg3 fxg3+ 32. Ke2 Qg4+ 33. Ke1 Qg5 34. Kd1 h5 35. Rg1 h4 36. Qe4 Qh5+ 37. Qe2 Qg6 38. Ne5 Qg5 39. Nf3 Qf6 40. Nxh4 Qxh4 41. Qe6+ Kh8 42. Qxc6 Rf2 43. Rh1 Rh2 44. Qc8+ Kh7 45. Qf5+ Kh6 46. Qe6+ g6 47. Rg1 Qd4 48. Rg2 Qa1+ 0-1

[Event "AUT-chT 2324"]
[Site "Austria"]
[Date "2023.11.22"]
[Round "1.3"]
[White "Neyman, Igor"]
[Black "Horvath, Dominik"]
[Result "0-1"]
[WhiteElo "2328"]
[BlackElo "2549"]
[PlyCount "80"]
[EventDate "2023.11.22"]
[EventType "team-tourn"]
[EventRounds "11"]
[EventCountry "AUT"]
[SourceTitle "CB48_2023"]
[SourceDate "2023.11.29"]
[SourceVersion "1"]
[SourceVersionDate "2023.11.29"]
[SourceQuality "1"]
[WhiteTeam "Goetzis"]
[BlackTeam "Fuerstenfeld/Hartberg"]
[WhiteTeamCountry "AUT"]
[BlackTeamCountry "AUT"]

1. d4 Nf6 2. c4 e6 3. Nc3 Bb4 4. e3 0-0 5. Nge2 Re8 6. a3 Bf8 7. Nf4 d6 8. Be2 e5 9. Nfd5 Nfd7 10. 0-0 a5 11. dxe5 dxe5 12. Na4 Na6 13. b3 Ndc5 14. Ndc3 Bf5 15. f3 e4 16. f4 Qh4 17. Rb1 Rad8 18. Qe1 Qxe1 19. Rxe1 Nd3 20. Rd1 Nxc1 21. Rbxc1 Bxa3 22. Rxd8 Rxd8 23. Ra1 Bb4 24. g4 Bc8 25. Rd1 Re8 26. Nd5 Bf8 27. Kf2 f5 28. g5 c6 29. Ndb6 Be6 30. Nd7 Be7 31. Ndb6 Kf7 32. h4 Bb4 33. h5 Ke7 34. g6 hxg6 35. hxg6 Rh8 36. Bf1 Rh6 37. Rb1 Rxg6 38. c5 Nxc5 39. Bc4 Nd3+ 40. Kf1 Rg3 0-1

[Event "EU-chT 24th"]
[Site "Budva"]
[Date "2023.11.19"]
[Round "8.11"]
[White "Santos Latasa, Jaime"]
[Black "Horvath, Dominik"]
[Result "1/2-1/2"]
[WhiteElo "2635"]
[BlackElo "2549"]
[PlyCount "61"]
[EventDate "2023.11.11"]
[EventType "team-swiss"]
[EventRounds "9"]
[EventCountry "MNE"]
[SourceTitle "CB47_2023"]
[SourceDate "2023.11.22"]
[SourceVersion "1"]
[SourceVersionDate "2023.11.22"]
[SourceQuality "1"]
[WhiteTeam "Spain"]
[BlackTeam "Austria"]
[WhiteTeamCountry "ESP"]
[BlackTeamCountry "AUT"]

1. e4 e5 2. Nf3 Nc6 3. Bc4 Nf6 4. d3 d5 5. exd5 Nxd5 6. 0-0 Nb6 7. Bb5 Bd6 8. Bxc6+ bxc6 9. Nxe5 Bxe5 10. Re1 Qe7 11. Kh1 0-0 12. f4 f6 13. fxe5 fxe5 14. Nc3 Nd5 15. Ne4 Bf5 16. Bg5 Qb4 17. b3 Qd4 18. Bd2 Rae8 19. a4 Re6 20. a5 Bxe4 21. Rxe4 Nc3 22. Bxc3 Qxc3 23. Rc4 Qb2 24. Qc1 Qxc1+ 25. Rxc1 Rf2 26. Kg1 Re2 27. Rf1 e4 28. Rd4 exd3 29. Rxd3 Rd6 30. Rxd6 cxd6 31. Rd1 1/2-1/2

[Event "Aix en Provence Imaweb 1st"]
[Site "Aix en Provence"]
[Date "2023.08.13"]
[Round "9"]
[White "Horvath, Dominik"]
[Black "Livaic, Leon"]
[Result "1-0"]
[WhiteElo "2514"]
[BlackElo "2558"]
[PlyCount "63"]
[EventDate "2023.08.07"]
[EventType "tourn"]
[EventRounds "9"]
[EventCountry "FRA"]
[EventCategory "13"]
[SourceTitle "CBM 215 Extra"]
[Source "ChessBase"]
[SourceDate "2023.09.30"]
[SourceVersion "1"]
[SourceVersionDate "2023.09.30"]
[SourceQuality "1"]

1. d4 Nf6 2. c4 e6 3. Nf3 c5 4. Nc3 cxd4 5. Nxd4 a6 6. e4 Qc7 7. Be2 b6 8. 0-0 Bb7 9. Qd3 d6 10. f4 Nbd7 11. b4 h5 12. h3 h4 13. Be3 Rc8 14. Rac1 g6 15. Nd5 exd5 16. cxd5 Qb8 17. Nc6 Qa8 18. Bf3 Bg7 19. e5 dxe5 20. fxe5 Nxe5 21. Nxe5 Rxc1 22. Bxc1 0-0 23. Nc6 Re8 24. Bg5 Nd7 25. Ne7+ Rxe7 26. Bxe7 Ne5 27. Qe4 Nxf3+ 28. Qxf3 Bxd5 29. Qf4 Qc8 30. Bf6 Qc2 31. Rf2 Qd1+ 32. Kh2 1-0

[Event "Aix en Provence Imaweb 1st"]
[Site "Aix en Provence"]
[Date "2023.08.11"]
[Round "6"]
[White "Girel, Joseph"]
[Black "Horvath, Dominik"]
[Result "1/2-1/2"]
[WhiteElo "2462"]
[BlackElo "2514"]
[PlyCount "53"]
[EventDate "2023.08.07"]
[EventType "tourn"]
[EventRounds "9"]
[EventCountry "FRA"]
[EventCategory "13"]
[SourceTitle "CBM 215 Extra"]
[Source "ChessBase"]
[SourceDate "2023.09.30"]
[SourceVersion "1"]
[SourceVersionDate "2023.09.30"]
[SourceQuality "1"]

1. e4 e5 2. Nf3 Nc6 3. Bb5 Nf6 4. 0-0 Nxe4 5. Re1 Nd6 6. Ba4 Be7 7. Nc3 0-0 8. d4 e4 9. Ne5 Nxe5 10. dxe5 Nf5 11. Rxe4 d6 12. Bf4 c6 13. exd6 Bxd6 14. Bxd6 Qxd6 15. Bb3 Qg6 16. Qd3 Nd6 17. Rd4 Nf5 18. Re4 Nd6 19. Rd4 Nf5 20. Rd8 Be6 21. Rxa8 Rxa8 22. Re1 Bxb3 23. axb3 Nh4 24. Qh3 Nf5 25. Qd3 Nh4 26. Qh3 Nf5 27. Qd3 1/2-1/2

[Event "Aix en Provence Imaweb 1st"]
[Site "Aix en Provence"]
[Date "2023.08.10"]
[Round "5"]
[White "Maurizzi, Marc Andria"]
[Black "Horvath, Dominik"]
[Result "1/2-1/2"]
[WhiteElo "2564"]
[BlackElo "2514"]
[PlyCount "71"]
[EventDate "2023.08.07"]
[EventType "tourn"]
[EventRounds "9"]
[EventCountry "FRA"]
[EventCategory "13"]
[SourceTitle "CBM 215 Extra"]
[Source "ChessBase"]
[SourceDate "2023.09.30"]
[SourceVersion "1"]
[SourceVersionDate "2023.09.30"]
[SourceQuality "1"]

1. d4 Nf6 2. Nf3 g6 3. Nbd2 c5 4. dxc5 Qa5 5. a3 Qxc5 6. b4 Qc7 7. c4 Bg7 8. Bb2 0-0 9. Qb3 b6 10. g3 Bb7 11. Rc1 d6 12. Bg2 Nbd7 13. 0-0 Rac8 14. Rfd1 Qb8 15. Nf1 Rfd8 16. Ne3 e6 17. g4 Ne5 18. Nxe5 dxe5 19. Bxe5 Qxe5 20. Bxb7 Rb8 21. Rxd8+ Rxd8 22. c5 bxc5 23. bxc5 Bf8 24. Qc3 Qf4 25. Ng2 Qa4 26. Ne3 Qf4 27. h3 Nd5 28. Nxd5 exd5 29. e3 Qc7 30. c6 Bg7 31. Qd3 d4 32. e4 Qf4 33. Rc5 Be5 34. Kf1 Bc7 35. Rd5 Re8 36. Rd7 1/2-1/2

[Event "Aix en Provence Imaweb 1st"]
[Site "Aix en Provence"]
[Date "2023.08.09"]
[Round "3"]
[White "Rodshtein, Maxim"]
[Black "Horvath, Dominik"]
[Result "0-1"]
[WhiteElo "2606"]
[BlackElo "2514"]
[PlyCount "68"]
[EventDate "2023.08.07"]
[EventType "tourn"]
[EventRounds "9"]
[EventCountry "FRA"]
[EventCategory "13"]
[SourceTitle "CBM 215 Extra"]
[Source "ChessBase"]
[SourceDate "2023.09.30"]
[SourceVersion "1"]
[SourceVersionDate "2023.09.30"]
[SourceQuality "1"]

1. d4 Nf6 2. c4 g6 3. Nc3 d5 4. cxd5 Nxd5 5. e4 Nxc3 6. bxc3 Bg7 7. Bc4 c5 8. Ne2 Nc6 9. Be3 0-0 10. 0-0 Bg4 11. f3 Na5 12. Bxf7+ Rxf7 13. fxg4 Rxf1+ 14. Kxf1 Qd6 15. e5 Nc4 16. Bf2 Qd5 17. Ng1 cxd4 18. cxd4 Bxe5 19. Nf3 Bd6 20. a4 a6 21. Qe2 Rc8 22. h4 b5 23. axb5 axb5 24. h5 b4 25. hxg6 hxg6 26. Qd3 Kg7 27. Kg1 Ne5 28. Nxe5 Bxe5 29. Qf3 Qxf3 30. gxf3 Bf4 31. Ra7 b3 32. Rb7 Rb8 33. Rxe7+ Kg8 34. Re1 Rc8 0-1

[Event "Titled Tuesday intern op 27th Jun Late"]
[Site "Chess.com INT"]
[Date "2023.06.27"]
[Round "9"]
[White "Bluebaum, Matthias"]
[Black "Horvath, Dominik"]
[Result "0-1"]
[WhiteElo "2672"]
[BlackElo "2523"]
[PlyCount "36"]
[EventDate "2023.06.27"]
[EventType "swiss (blitz)"]
[EventRounds "11"]
[EventCountry "USA"]
[SourceTitle "EXT 2024"]
[Source "ChessBase"]
[SourceDate "2023.10.10"]
[SourceVersion "1"]
[SourceVersionDate "2023.10.10"]
[SourceQuality "1"]

1. d4 Nf6 2. c4 c5 3. d5 b5 4. cxb5 a6 5. bxa6 e6 6. Nc3 exd5 7. Nxd5 Nxa6 8. e4 Nxd5 9. Qxd5 Nc7 10. Qe5+ Ne6 11. Bc4 Ba6 12. Bxa6 Qa5+ 13. Bd2 Qxa6 14. Nf3 Bd6 15. Qd5 0-0 16. b3 Rfe8 17. e5 Nd4 18. Qxd6 Qe2# 0-1

[Event "Titled Tuesday intern op 27th Jun Late"]
[Site "Chess.com INT"]
[Date "2023.06.27"]
[Round "2"]
[White "Horvath, Dominik"]
[Black "Bayo Milagro, Alvaro"]
[Result "1-0"]
[WhiteElo "2523"]
[BlackElo "2292"]
[PlyCount "65"]
[EventDate "2023.06.27"]
[EventType "swiss (blitz)"]
[EventRounds "11"]
[EventCountry "USA"]
[SourceTitle "EXT 2024"]
[Source "ChessBase"]
[SourceDate "2023.10.10"]
[SourceVersion "1"]
[SourceVersionDate "2023.10.10"]
[SourceQuality "1"]

1. d4 d5 2. Bf4 c5 3. e3 Nc6 4. Nf3 Nf6 5. Nbd2 e6 6. Bb5 Bd6 7. Bxd6 Qxd6 8. 0-0 0-0 9. c4 cxd4 10. exd4 dxc4 11. Nxc4 Qd5 12. a4 b6 13. Ne3 Qd6 14. Nc4 Qd5 15. Rc1 Bb7 16. Nce5 Rac8 17. Nxc6 Bxc6 18. Bxc6 Rxc6 19. Rxc6 Qxc6 20. Qd2 Rc8 21. a5 h6 22. Ne5 Qd6 23. axb6 axb6 24. h3 Rd8 25. Rd1 Rc8 26. Ra1 Rd8 27. Qc1 Qxd4 28. Nc6 Qd7 29. Nxd8 Qxd8 30. Ra7 Qd4 31. Qc8+ Kh7 32. Qc2+ Ne4 33. Ra4 1-0

[Event "Titled Tuesday intern op 27th Jun Early"]
[Site "Chess.com INT"]
[Date "2023.06.27"]
[Round "8"]
[White "Horvath, Dominik"]
[Black "Sanal, Vahap"]
[Result "0-1"]
[WhiteElo "2523"]
[BlackElo "2577"]
[PlyCount "94"]
[EventDate "2023.06.27"]
[EventType "swiss (blitz)"]
[EventRounds "11"]
[EventCountry "USA"]
[SourceTitle "EXT 2024"]
[Source "ChessBase"]
[SourceDate "2023.10.10"]
[SourceVersion "1"]
[SourceVersionDate "2023.10.10"]
[SourceQuality "1"]

1. e4 d6 2. d4 Nf6 3. Nc3 e5 4. dxe5 dxe5 5. Qxd8+ Kxd8 6. Bc4 Ke8 7. f4 Bb4 8. Bd3 Nbd7 9. Nf3 exf4 10. Bxf4 c6 11. 0-0-0 Nc5 12. Be5 Be6 13. Rhe1 Ncd7 14. Bd4 Bc5 15. Ne2 a5 16. Nf4 Bg4 17. Bf1 Bxf3 18. gxf3 Bxd4 19. Rxd4 Ne5 20. Re2 Nxf3 21. Rd3 Ne5 22. Rb3 b5 23. Rc3 Ke7 24. Bh3 b4 25. Rc5 Kd6 26. Rxe5 Kxe5 27. Nd3+ Kd4 28. e5 Nd5 29. Bf5 Kc4 30. a4 bxa3 31. b3+ Kb5 32. c4+ Kb6 33. cxd5 cxd5 34. Kb1 g6 35. Bh3 Rae8 36. Ka2 f5 37. Kxa3 Rc8 38. Nf4 Rhd8 39. Bg2 d4 40. Nd5+ Ka6 41. Rd2 Re8 42. Rxd4 Rxe5 43. Nf6 Re6 44. Nd7 Rc2 45. Nb8+ Ka7 46. Nc6+ Kb6 47. Nd8 Re1 0-1

[Event "Titled Tuesday intern op 27th Jun Late"]
[Site "Chess.com INT"]
[Date "2023.06.27"]
[Round "4"]
[White "Kamsky, Gata"]
[Black "Horvath, Dominik"]
[Result "0-1"]
[WhiteElo "2659"]
[BlackElo "2523"]
[PlyCount "102"]
[EventDate "2023.06.27"]
[EventType "swiss (blitz)"]
[EventRounds "11"]
[EventCountry "USA"]
[SourceTitle "EXT 2024"]
[Source "ChessBase"]
[SourceDate "2023.10.10"]
[SourceVersion "1"]
[SourceVersionDate "2023.10.10"]
[SourceQuality "1"]

1. d4 d6 2. Bf4 c5 3. e3 Nc6 4. d5 Nb4 5. c3 Na6 6. a4 Nc7 7. e4 Nf6 8. f3 g6 9. c4 e5 10. Be3 h5 11. h4 Bh6 12. Bxh6 Rxh6 13. a5 Rh8 14. Nc3 Kf8 15. Bd3 Kg7 16. Nge2 Rb8 17. Qd2 Bd7 18. Nb5 Nxb5 19. cxb5 Ne8 20. Nc3 Nc7 21. f4 exf4 22. Qxf4 Qe7 23. 0-0-0 Rhe8 24. Rhf1 b6 25. a6 f6 26. Rd2 Rf8 27. Rdf2 Qe5 28. g3 Rbe8 29. Kc2 Bh3 30. Rh1 Bd7 31. Rhf1 Rf7 32. Qxe5 Rxe5 33. Kb3 Bh3 34. Rh1 Bg4 35. Rhf1 Bh3 36. Rh1 Bd7 37. Rhf1 Ne8 38. Nd1 f5 39. Ne3 Ree7 40. Nc4 fxe4 41. Rxf7+ Rxf7 42. Rxf7+ Kxf7 43. Bxe4 Bxb5 44. Ne3 Bxa6 45. Ng2 Nf6 46. Bf3 Bd3 47. Nf4 Be4 48. Be2 Bxd5+ 49. Nxd5 Nxd5 50. Bc4 Ke6 51. Ka4 Ke5 0-1